| 000 | 01104nam a2200313 4500 | ||
|---|---|---|---|
| 003 | EG-GICUC | ||
| 005 | 20260415175026.0 | ||
| 008 | 260414s1995 ua ||||frw||| 000 0 ara d | ||
| 040 |
_a EG-GICUC _bara _c EG-GICUC _d EG-GICUC _erda |
||
| 041 | 0 | _aara | |
| 082 | 0 | 4 |
_221 _a343.1 _bن ق . ق |
| 092 | 0 | 4 | _221 |
| 099 | _aLaw1 10 343.1 ن ق . ق 1995 | ||
| 110 | 1 |
_aمصر. _bنقابة المحاميين. |
|
| 245 | 1 | 0 |
_aقانون العقوبات : _bوفقا لآخر تعديلاته/ _cنقابة المحاميين. |
| 264 | 1 |
_aالقاهرة : _b[غير محدد]، _c1995. |
|
| 300 |
_a180 صفحة، صفحات غير مرقمة ؛ _c22 سم. |
||
| 336 |
_2rda content _atext |
||
| 337 |
_2rda media _aComputer |
||
| 338 |
_2rda carrier _aOnline Resource |
||
| 504 | _aيشتمل على إرجاعات ببليوجرافية. | ||
| 546 | _aالنص باللغة العربية | ||
| 650 | 1 |
_aقانون العقوبات. _2qrmak |
|
| 651 | 1 | _2qrmak | |
| 856 | 4 | 0 | _uhttps://fll.law.cu.edu.eg/fulltext/bks/B10-09253.pdf |
| 905 | _a62 | ||
| 905 | _a164 | ||
| 942 |
_2ddc _n0 _cBK _e21 |
||
| 999 |
_c70971 _d70971 |
||